000 00739cam a22002533a 4500
001 30838
003 PGUSA
005 20140828083651.0
008 100103s2010||||xxu|||||s|||||000 1 eng d
040 _aPGUSA
_beng
042 _adc
050 4 _aPS
100 1 _aMcIntyre, John Thomas,
_d1871-1951
245 1 0 _aAshton-Kirk, Criminologist
_h[electronic resource] /
_cJohn Thomas McIntyre
260 _bProject Gutenberg,
_c2010
506 _aPublic domain in the USA.
516 _aElectronic text
653 _aMystery and detective stories
653 _aFiction
700 1 _aBoyer, Ralph L.
_q(Ralph Ludwig),
_d1879-1952
830 0 _aProject Gutenberg
_v30838
856 4 0 _uhttp://www.gutenberg.org/ebooks/30838
942 _cEB
999 _c260093
_d260093